000
00312nam a22001337a 4500
008
171023b xxu||||| |||| 00| 0 eng d
020
_a
9780070170209
041
_a
eng
080
_2
5TH
_a
338
100
_a
54
101
_a
MO
245
_a
PRODUCTION AND OPERATIONS MANAGEMENT
_c
DILWORTH,J.B
942
_2
udc
_c
BK
999
_c
35448
_d
35448